Die Kriminalität der ausländischen Arbeitnehmer in der Bundesrepublik Deutschland

Guardado en:  
Detalles Bibliográficos
Autor principal: Zimmermann, Heinz-Günter (Autor)
Tipo de documento: Print Artículo
Lenguaje:Alemán
Publicado: 1967
En: Nachrichtendienst des Deutschen Vereins für Öffentliche und Private Fürsorge
Año: 1967, Volumen: 47, Número: 2, Páginas: 43-44
Verificar disponibilidad: HBZ Gateway
Palabras clave:

MARC

LEADER 00000caa a22000002c 4500
001 1632315653
003 DE-627
005 20260220094706.0
007 tu
008 120514s1967 xx ||||| 00| ||ger c
035 |a (DE-627)1632315653 
035 |a (DE-576)365159751 
035 |a (DE-599)BSZ365159751 
040 |a DE-627  |b ger  |c DE-627  |e rakwb 
041 |a ger 
100 1 |a Zimmermann, Heinz-Günter  |4 aut 
245 1 4 |a Die Kriminalität der ausländischen Arbeitnehmer in der Bundesrepublik Deutschland  |c Heinz-Günter Zimmermann 
264 1 |c 1967 
336 |a Text  |b txt  |2 rdacontent 
337 |a ohne Hilfsmittel zu benutzen  |b n  |2 rdamedia 
338 |a Band  |b nc  |2 rdacarrier 
773 0 8 |i In  |a Deutscher Verein für Öffentliche und Private Fürsorge  |t Nachrichtendienst des Deutschen Vereins für Öffentliche und Private Fürsorge  |d Berlin : Deutscher Verein für Öffentliche und Private Fürsorge, 1920  |g 47(1967), 2, Seite 43-44  |w (DE-627)129489719  |w (DE-600)205938-1  |w (DE-576)014883457  |x 0012-1185  |7 nnas 
773 1 8 |g volume:47  |g year:1967  |g number:2  |g pages:43-44 
951 |a AR 
ELC |b 1 
LOK |0 000 xxxxxcx a22 zn 4500 
LOK |0 001 3284245383 
LOK |0 003 DE-627 
LOK |0 004 1632315653 
LOK |0 005 20260220094706 
LOK |0 008 120514||||||||||||||||ger||||||| 
LOK |0 040   |a DE-21-110  |c DE-627  |d DE-21-110 
LOK |0 689   |a s  |a Ausländerkriminalität 
LOK |0 852   |z Kein Bestand am IfK; Nachweis für KrimDok 
LOK |0 852   |a DE-21-110 
LOK |0 852 1  |m v  |9 00 
LOK |0 935   |a k110 
LOK |0 938   |k v 
LOK |0 939   |a 14-05-12  |b l01 
ORI |a WA-MARC-krimdoka001.raw